Pulgones : características morfológicas y biológicas: especies de mayor importancia agrícola /

Guardado en:
Autor Principal: Quintanilla, Raúl H.
Formato: Libro
Idioma:Spanish
Publicado: Buenos Aires : Hemisferio Sur, 1976.
Series:Ciencias agropecuarias. Temas de agricultura ; 7
Etiquetas: Agregar Etiqueta
Sin Etiquetas, Sea el primero en etiquetar este registro!
LEADER 00564nam a22001455a 4500
001 EEA.libagro003207
005 20190619122032.0
008 130809s1976####ag#a##########000#0#spa#d
082 0 4 |a 632.752 
100 1 |a Quintanilla, Raúl H. 
245 1 0 |a Pulgones :  |b características morfológicas y biológicas: especies de mayor importancia agrícola /  |c Raúl H. Quintanilla. 
260 |a Buenos Aires :  |b Hemisferio Sur,  |c 1976. 
300 |a 44 p. :  |b il. ;  |c 20 cm. 
490 1 |a Ciencias agropecuarias. Temas de agricultura ;  |v 7 
859 |a AR-BbBCA  |b BIB. AGRONOMIA  |h 632.752  |i Q7  |p 1982/0098